000 00352 a2200169 4500
001 191337
020 _a85-16-00450-3
040 _cMagnum
100 _aBandeira, Pedro
240 1 0 _aRitinha danadinha
_lpor
245 1 0 _aRitinha danadinha
300 _a31
362 0 _a1991
440 1 _aModerna
697 _aLITERATURA INFANTO
942 _cBK
999 _c191337
_d191337